000 00757nam a2200229Ia 4500
003 GCL
008 140319s9999 xx 000 0 ara d
040 _aGCL /
_cGCL
082 0 4 _a913.031
_bب ك
100 1 _aبول، لين وجراى
245 1 0 _aالكربون المشع وغيرة من اساليب تاريخ الماضى /
_cبول، لين وجراى
700 1 _aزكريا البرادعى
260 _a[S.N] :
_bدار النشر للجامعات المصرية ،
_c1961
300 _a152 ص
490 _a
650 0 4 _aالاثار الفرعونية
650 0 4 _aالنحت
650 0 4 _aالحفريات الاثرية
650 0 4 _aالاثار المندثرة
650 0 4 _aالكربون المشع
942 _2ddc
_cBK
999 _c36409
_d36409